000 01322cam a2200217 4500
001 ##L132086
008 060103n2005 000 0 eng u
035 _a(Sirsi) u132086
041 0 _aeng
050 0 4 _a711.1 $2 18
110 1 _aUnited Kingdom
_bPlanning Inspectorate
_92192
245 0 0 _aDevelopment plans examination - a guide to the process of assessing the soundness of statements of development plan documents
260 _aLondon
_bPlanning Inspectorate
_c2005
520 _aThis guide provides practical advice and guidance to all those involved in the new local development framework process. It will help people to understand what the key tests will be when development plan documents (DPDs) are examined by a Planning Inspectorate inspector. It will assist them in the framing of their comments on the plan and show them how the inspector will consider them.
590 _aIKA030106
650 2 4 _aPLANNING POLICY STATEMENT 12
650 2 4 _aPLANNING AND COMPULSORY PURCHASE ACT 2004 S39
690 _aENVIRONMENTAL AND LAND CONSULTANCY-PLANNING AND DEVELOPMENT-PLANNING GUIDANCE-LOCAL DEVELOPMENT PLANS
856 4 0 _uhttps://www.planning-inspectorate.gov.uk/pins/appeals/local_dev/Soundness_of_DPD.htm#guidance
_zView the guidance free of charge at www.planning-inspectorate.gov.uk...
942 _n0
999 _c105014
_d105014